01639nam a2200145 4500008001000000020001800010082001500028100002500043245005000068260007300118300003000191505115500221650009401376700002301470707 OJ39c a9789974997035 a707bOJ39c aAlonso, Sebastián  aEl ojo colectivo: bformas de hacer colectivo aUruguaybMinisterio de Educación y Cultura bGoethe Institutc2014 a270 p. bil.c24 x 17 cm  tIntroducción rAlonso+cracium t¡Viva la intersubjetividad! Algunos pensamientos acerca de El Ojo colectivo rHeinz-Norbert Jocks tPrácticas colaborativas tAtlas ciudadanos como saberes extraños e infinitos rPaulina Vargas y José Llano tEn torno al hacer colectivo rLa dársena_Plataforma de pensamiento e interacción artísticatLa delicada esencia del arte colaborativo rStephen Wright tIconoclasistas: mapeos críticos, prácticas colaborativas y recursos gráficos de código abierto rPablo Ares y Julia Rislert"Saborengo Ker", la película rFrancesco Careri tDiálogos tLa fotografía urbana como contramonumento: miradas ausentes (en la calle) de Urruzola rDavid Rojinsky tLos tres domos del último azar rLukas Kühne y Carsten Stabenow tLos usurpadores rLegovilletWelfare State rDemocracia tPrácticas pedagógicas tDe lo expositivo a la acción pedagógica rFernando Miranda tPedagogías colectivas e investigación colaborativa en las prácticas culturales contemporáneasrAida Sánchez de Serdio MartíntEnglish versiontCollaboratives practices tDialogues tPedagogical practices  xarte - colectivoxarte - colaborativoxarte - prácticas pedagógicasxarte - diálogo aCracium, Martín